000 00571nam a2200193Ia 4500
003 GCL
008 140319s9999 xx 000 0 ara d
040 _aGCL /
_cGCL
082 0 4 _a920.71
_bم م
100 1 _aمحمد مهدى علام
245 1 0 _aالمجمعيون فى خمسين عاما /
_cمحمد مهدى علام
260 _a[S.N] :
_bمجمع اللغة العربية ،
_c1986
300 _a1984 ص
490 _a
650 0 4 _aاللغة العربية
650 0 4 _aاللغويون
650 0 4 _aاللغويون العرب
942 _2ddc
_cBK
999 _c32727
_d32727